000 00365nam a2200121Ia 4500
005 20260326235458.0
008 260326s9999||||xx |||||||||||||| ||und||
100 _aJunta del Acuerdo de Cartagena
245 0 _aCartilla de Construcción con Madera /
_cJunta del Acuerdo de Cartagena
260 _bJunta del Acuerdo de Cartagena
650 _aCONSTRUCCIÓN
942 _cBK
999 _c7985
_d7985